Pays qui commencent et finissent par la même lettre - Statistiques

Statistiques générales
  • Ce quiz a été pris 177 fois
  • Le résultat moyen est 6 sur 10
Statistiques - réponses
Population Pays % Correct
48,81M Espagne
82%
1,37M Estonie
77%
3,53M Érythrée
73%
132,1M Éthiopie
71%
116,5M Égypte
62%
37,89M Angola
51%
93,77K Antigua-et-Barbuda
45%
100,61K Saint-Vincent-et-les-Grenadines
38%
46,84K Saint-Christophe-et-Niévès
36%
121,45K Seychelles
32%
Aucun quiz correspondant
Distribution des résultats
% des personnes avec chaque résultat
Percentile par nombre de réponses
Votre historique - résultats
Vous n’avez pas pris ce quiz